000 00512nam a2200181Ia 4500
003 LK-CoDNM
005 20240502133302.0
008 010623t1939 xxu||||| |||| 00| 1 sin d
040 _aLK-CoDNM
_dLK-CoDNM
_eLK-CoDNM
041 _asin
080 _aඩ6
100 _aKumaranatunga,Munidasa.
245 _aකාව්‍ය ශේඛර සංග්‍ර‍හ විවරණ
246 _aKaawyashekara Sangraha Viwarana
260 _bPahan Pahara
_aColombo
_c1939
300 _b112p.,18 cm
942 _cBK
999 _c99315
_d99315